Banky

Z obsahu sekcie: Banky na Slovensku. Porovnanie bánk podľa hlavných ukazovateľov. Niektoré princípy ochrany vkladov v SR a v EÚ. Zákon o ochrane vkladov. Štruktúra aktív predurčuje tvorbu zisku komerčnej banky.

Na minha lista:
Detalhes bibliográficos
Formato: Capítulo de Livro
Idioma:eslovaco
Assuntos:
Tags: Adicionar Tag
Sem tags, seja o primeiro a adicionar uma tag!

MARC

LEADER 00000naa a2200000 4500
001 r022463
005 20230921075324.5
041 0 |a slo 
044 |a SK 
245 1 0 |a Banky 
520 |a Z obsahu sekcie: Banky na Slovensku. Porovnanie bánk podľa hlavných ukazovateľov. Niektoré princípy ochrany vkladov v SR a v EÚ. Zákon o ochrane vkladov. Štruktúra aktív predurčuje tvorbu zisku komerčnej banky. 
610 2 0 |a Slovensko 
610 2 0 |a banky 
610 2 0 |a sporiteľne stavebné 
610 2 0 |a sporiteľne 
610 2 0 |a výsledok hospodársky 
610 2 0 |a ukazovatele ekonomické 
610 2 0 |a zákony